Find the 'Right' Answer Quiz Stats

 Plays Quiz Updated Oct 16, 2015

Also try: Quiz About Nothing
Challenge
Share
Tweet
Embed
Score 0/25 Timer 04:00
1 Play Today
% Correct
The Bill of Rights
96.4%
Civil Rights Movement
95.1%
Mr. Right
93.6%
Right angle
93.5%
Right brain
91.7%
Right under your nose
87.9%
Have I the Right?
86.8%
Right Guard
86.4%
Get off on the right foot
84%
Fight for Your Right (to Party!)
83.7%
Right cross
80.5%
Right-to-work
79.9%
Alright
79.3%
% Correct
Right field
79.2%
The Right Stuff
79.2%
Right whales
78.9%
Right face
76.1%
The Righteous Brothers
76%
The Cartwrights
76%
Dudley Do-Right
75.4%
Right flank
75%
Right as rain
74.6%
Robin Wright
71%
Do the Right Thing
69.3%
Right Said Fred
68.3%

You're not logged in!

Compare scores with friends on all Sporcle quizzes.
Join for Free
OR
Log In

You Might Also Like...

Show Comments

Extras

Top Quizzes Today


Score Distribution

Your Account Isn't Verified!

In order to create a playlist on Sporcle, you need to verify the email address you used during registration. Go to your Sporcle Settings to finish the process.

Report this User

Report this user for behavior that violates our Community Guidelines.

Details: